Creación de una herramienta computacional para la elección preliminar de cimentaciones
Kaydedildi:
| Yazar: | |
|---|---|
| Materyal Türü: | Kitap |
| Baskı/Yayın Bilgisi: |
[San José, Costa Rica]
2004
|
| Konular: | |
| Etiketler: |
Etiketle
Etiket eklenmemiş, İlk siz ekleyin!
|
MARC
| LEADER | 00000nam a2200000Ia 4500 | ||
|---|---|---|---|
| 003 | 009261 | ||
| 005 | 20221231144142.0 | ||
| 008 | 140114s2004 cr a m 000 ||s d | ||
| 040 | |c cru CEDI | ||
| 090 | |a TFG 4801 | ||
| 100 | |a Richmond Ballestero, Cristian |9 6670 | ||
| 245 | |a Creación de una herramienta computacional para la elección preliminar de cimentaciones | ||
| 260 | |c 2004 |a [San José, Costa Rica] | ||
| 300 | |a v, 95, [49] hojas : ilustraciones (algunas a color) | ||
| 500 | |a Proyecto de graduación (licenciatura en ingeniería civil)--Universidad de Costa Rica, Escuela de Ingeniería Civil | ||
| 650 | |x CIMENTACIONES |x MEJORAMIENTO DE SUELOS |x PROGRAMAS PARA COMPUTADORA |x SISTEMAS EXPERTOS (COMPUTADORAS) |x TOMA DE DECISIONES |x CONSTRUCCION |9 6671 | ||
| 942 | |c TFG | ||
| 999 | |c 17632 |d 17632 | ||
